| 000 | 00764 a2200205 4500 | ||
|---|---|---|---|
| 003 | Nust | ||
| 005 | 20170207154030.0 | ||
| 010 | _a 2002018312 | ||
| 020 | _a0201760436 (pbk.) | ||
| 040 | _cNust | ||
| 082 | 0 | 0 | _a005.1 |
| 100 | 1 | _aHighsmith, James A., | |
| 245 | 1 | 0 |
_aAgile software development ecosystems-(E-BOOK) _cJim Highsmith ; [foreword by Tom DeMarco]. |
| 260 |
_aBoston : _bAddison-Wesley, _cc2002. |
||
| 300 |
_axxxvii, 404 p. : _bcol. ill. ; _c24 cm. |
||
| 440 | 4 | _aThe Agile software development series | |
| 505 | _aPart I: Problems and Solutions(Page-1) Part II: Principles and People(page-23) Part III: Agile Software Development Ecosystems(Page-131) Part IV: Developing an ASDE(Page-180) | ||
| 650 | 0 | _aAgile software development. | |
| 651 | _aE-BOOK | ||
| 942 |
_2ddc _cBK |
||
| 999 |
_c192118 _d192118 |
||